Vivaldi violin concertos, flute concertos

Αποθηκεύτηκε σε:
Λεπτομέρειες βιβλιογραφικής εγγραφής
Άλλοι συγγραφείς: Vivaldi, Antonio 1678-1741 (Ερμηνευτής)
Μορφή: CD Ηχητικό
Γλώσσα:Italian
Δημοσίευση: Ιταλία : MINOS, 1996
Θέματα:
Ετικέτες: Προσθήκη ετικέτας
Δεν υπάρχουν, Καταχωρήστε ετικέτα πρώτοι!

MARC

LEADER 00000njm a2200000 i 4500
001 1/57444
007 sd fs gn m ed
008 040611s1996 it ita d
028 0 1 |a 7243 4 89529 2 9  |b EMI CLASSICS 
035 |l 10073771 
040 |a GR-MY-UA  |b gre  |e aacr 
041 0 |a ita 
082 0 |a 784.272  |2 (22η εκδ.) 
100 1 |a Vivaldi, Antonio  |d 1678-1741.  |4 prf 
245 1 0 |a Vivaldi  |h [ηχογράφηση] :  |b violin concertos, flute concertos 
260 |a Ιταλία :   |b MINOS,   |c 1996 
300 |a 1 δίσκος κόμπακτ (57 λεπτ., 75 δευτ.);  |b ψηφιακός, στέρεο;  |c 4 3/4 ιν. 
500 |a Συνοδευτικό CD της εφημερίδας Καθημερινή 
505 0 |a 1. Concerto in D--2. Concerto in G. minor--3. Sonata in E flat--4. Flute conserto in G--5. Flute concerto in D--6. Concerto in F--7. Concerto in D for lute and 2 violins--8. Concerto in D minor for viola d'amore and lute 
508 |a English chamber orchestra Raymond Leppard, harpsichord/conductor; Prague chamber orchestra Hans-Martin Linde, flute/conductor 
600 1 0 |a Vivaldi Antonio  |d 1678-1741. 
650 0 0 |a Concertos (Violin) 
650 0 0 |a Violin with orchestra. 
852 |a INST  |b LESVOS  |c AV  |e 20040611  |h 784.272 VIV  |p 005100028148  |q 005100028148  |t CD  |y 23 
901 |a BIBL1-2004-2 
909 |a Λ  |b 112025 
970 |a ΜΑΡΙΝΑΤΟΥ  |b ΜΥΡΣΙΝΗ  |z 2004/06/11